1347 1110 1702 1882 1621 1963 1828 1709 1657 1145 1122 1435 1808 1820 1980 1500 1576 1797 1800 1097 1036 1610 1903 1357 1968 1777 1885 1178 1837 1208 1740 1142 1318 1592 1618 1539 1750 1518 1469 1211 1377 1527 1199 1955 1703 1853 1871 1758 1935 1308 1038 1205 1997 1441 1598 1902 1640 1237 1133 1876 1355 1278 1724 1416 1385 1210 1570 1212 1139 1031 1305 1713 1361 1785 1142 1330 1389 1724 1645 1772 1863 1454 1398 2000 1319 1275 1965 1568 1939 1820 1013 1579 1760 1515 1442 1434 1268 1739 1554 BCNSPRNW ULIB Ver.6.0+V

เปลี่ยนเป็นภาษาไทย

Change to English
 แสดงรายละเอียดบรรณานุกรม
  กลับหน้าหลัก

Brief Record : Get Marc (ISO 2709) : E-mail record : QR code < ปิดหน้าต่าง
LEADER : 00000nam 2200000uu 4500
001    13399114190
003     ULIB
008    120228s2554||||th 000 0 tha d
020    ^a9789744017888
060 04 ^aWY156^bอ832ค
100 0  ^aอุบล จ๋วงพานิช
245 10 ^aคู่มือการพยาบาลผู้ป่วยมะเร็งที่ได้รับยาเคมีบำบัด /^cโดยอุบล จ๋วงพานิช
260    ^aขอนแก่น :^bแผนกการพยาบาลบำบัดพิเศษ งานบริการพยาบาล,^c2554
300    ^aก-ฎ, 177 หน้า :^bภาพประกอบ ;^c21 ซม.
650  4 ^aมะเร็ง^xเคมีบำบัด^xการพยาบาล^vคู่มือ
650  4 ^aมะเร็ง^xผู้ป่วย^xการพยาบาล^vคู่มือ
710 2  ^aโรงพยาบาลศรีนครินทร์. ^bงานบริการพยาบาล.
945    ^p190^l0^i18819
945    ^p190^l0^i18820
945    ^p190^l0^i21614
945    ^p190^l0^i21615
945    ^p190^l0^i21616
945    ^p190^l0^i21617
945    ^p190^l0^i21618
945    ^p190^l0^i21726
945    ^p190^l0^i21727
945    ^p190^l0^i21728
945    ^p190^l0^i21729
945    ^p190^l0^i21730
995    ทศพร
999 ^a ใช้งานได้ทุกระบบ
รายการนี้ยังไม่มีแท็ก
คุณยังไม่ได้ล็อกอิน คุณสามารถมีกิจกรรมร่วมกับเว็บไซต์ได้ แต่ต้องล็อกอินก่อน ::
  ล็อกอิน

รายการสื่อสารสนเทศ

ลำดับที่ ประเภท เลขเรียก/บาร์โค้ด สถานที่ สถานะ
1. Book การพยาบาล
Book การพยาบาล
สถานะ=หนังสือเก่า
WY156 อ832ค  
  Barcode: 18819
ห้องสมุดวิทยาเขตนครสวรรค์
►ส่วนจัดเก็บหนังสือเก่า นว.
บนชั้น
  ขอยืม
2. Book การพยาบาล
Book การพยาบาล
สถานะ=หนังสือเก่า
WY156 อ832ค ฉ.10 
  Barcode: 21728
ห้องสมุดวิทยาเขตนครสวรรค์
►ส่วนจัดเก็บหนังสือเก่า นว.
บนชั้น
  ขอยืม
3. Book การพยาบาล
Book การพยาบาล
สถานะ=หนังสือเก่า
WY156 อ832ค ฉ.11 
  Barcode: 21729
ห้องสมุดวิทยาเขตนครสวรรค์
►ส่วนจัดเก็บหนังสือเก่า นว.
บนชั้น
  ขอยืม
4. Book การพยาบาล
Book การพยาบาล
สถานะ=หนังสือเก่า
WY156 อ832ค ฉ.12 
  Barcode: 21730
ห้องสมุดวิทยาเขตนครสวรรค์
►ส่วนจัดเก็บหนังสือเก่า นว.
บนชั้น
  ขอยืม
5. Book การพยาบาล
Book การพยาบาล
สถานะ=หนังสือเก่า
WY156 อ832ค ฉ.2 
  Barcode: 18820
ห้องสมุดวิทยาเขตนครสวรรค์
►ส่วนจัดเก็บหนังสือเก่า นว.
บนชั้น
  ขอยืม
6. Book การพยาบาล
Book การพยาบาล
สถานะ=หนังสือเก่า
WY156 อ832ค ฉ.3 
  Barcode: 21614
ห้องสมุดวิทยาเขตนครสวรรค์
►ส่วนจัดเก็บหนังสือเก่า นว.
บนชั้น
  ขอยืม
7. Book การพยาบาล
Book การพยาบาล
สถานะ=หนังสือเก่า
WY156 อ832ค ฉ.4 
  Barcode: 21615
ห้องสมุดวิทยาเขตนครสวรรค์
►ส่วนจัดเก็บหนังสือเก่า นว.
บนชั้น
  ขอยืม
8. Book การพยาบาล
Book การพยาบาล
สถานะ=หนังสือเก่า
WY156 อ832ค ฉ.5 
  Barcode: 21616
ห้องสมุดวิทยาเขตนครสวรรค์
►ส่วนจัดเก็บหนังสือเก่า นว.
บนชั้น
  ขอยืม
9. Book การพยาบาล
Book การพยาบาล
สถานะ=หนังสือเก่า
WY156 อ832ค ฉ.6 
  Barcode: 21617
ห้องสมุดวิทยาเขตนครสวรรค์
►ส่วนจัดเก็บหนังสือเก่า นว.
บนชั้น
  ขอยืม
10. Book การพยาบาล
Book การพยาบาล
สถานะ=หนังสือเก่า
WY156 อ832ค ฉ.7 
  Barcode: 21618
ห้องสมุดวิทยาเขตนครสวรรค์
►ส่วนจัดเก็บหนังสือเก่า นว.
บนชั้น
  ขอยืม
11. Book การพยาบาล
Book การพยาบาล
สถานะ=หนังสือเก่า
WY156 อ832ค ฉ.8 
  Barcode: 21726
ห้องสมุดวิทยาเขตนครสวรรค์
►ส่วนจัดเก็บหนังสือเก่า นว.
บนชั้น
  ขอยืม
12. Book การพยาบาล
Book การพยาบาล
สถานะ=หนังสือเก่า
WY156 อ832ค ฉ.9 
  Barcode: 21727
ห้องสมุดวิทยาเขตนครสวรรค์
►ส่วนจัดเก็บหนังสือเก่า นว.
บนชั้น
  ขอยืม

รายการใกล้เคียง
    ผู้แต่ง [อุบล จ๋วงพานิช]

BibComment


ยังไม่เคยถูกคอมเมนท์

คอมเมนท์ทรัพยากรรายการนี้
  คอมเมนท์: คู่มือการพยาบาลผ..


 Copyright 2026. Bcnsprnw @Library